<?xml version="1.0" encoding="UTF-8"?>
<record
    xmlns:xsi="http://www.w3.org/2001/XMLSchema-instance"
    xsi:schemaLocation="http://www.loc.gov/MARC21/slim http://www.loc.gov/standards/marcxml/schema/MARC21slim.xsd"
    xmlns="http://www.loc.gov/MARC21/slim">

  <leader>00391nam a22001337a 4500</leader>
  <controlfield tag="008">241015b        |||||||| |||| 00| 0 eng d</controlfield>
  <datafield tag="020" ind1=" " ind2=" ">
    <subfield code="a">9789966262622</subfield>
  </datafield>
  <datafield tag="050" ind1=" " ind2=" ">
    <subfield code="a">BT77</subfield>
    <subfield code="b">.K58</subfield>
  </datafield>
  <datafield tag="100" ind1=" " ind2=" ">
    <subfield code="a">Kitur, Joseph Kipkorir</subfield>
  </datafield>
  <datafield tag="245" ind1=" " ind2=" ">
    <subfield code="a">Cultic Doctrines :</subfield>
    <subfield code="b">Know the truth / by</subfield>
    <subfield code="c">Joseph Kipkorir Kitur</subfield>
  </datafield>
  <datafield tag="260" ind1=" " ind2=" ">
    <subfield code="a">Eldoret, Kenya</subfield>
    <subfield code="b">Utafiti Foundation</subfield>
    <subfield code="c">2004</subfield>
  </datafield>
  <datafield tag="300" ind1=" " ind2=" ">
    <subfield code="a">xii, 131p.</subfield>
  </datafield>
  <datafield tag="942" ind1=" " ind2=" ">
    <subfield code="2">lcc</subfield>
    <subfield code="c">BK</subfield>
  </datafield>
  <datafield tag="999" ind1=" " ind2=" ">
    <subfield code="c">20520</subfield>
    <subfield code="d">20519</subfield>
  </datafield>
  <datafield tag="952" ind1=" " ind2=" ">
    <subfield code="0">0</subfield>
    <subfield code="1">0</subfield>
    <subfield code="2">lcc</subfield>
    <subfield code="7">0</subfield>
    <subfield code="a">KABU</subfield>
    <subfield code="b">KABU</subfield>
    <subfield code="d">2024-10-15</subfield>
    <subfield code="g">1500.00</subfield>
    <subfield code="i">2024/069</subfield>
    <subfield code="l">2</subfield>
    <subfield code="o">BT77 .K58 2004 C.1</subfield>
    <subfield code="p">33751</subfield>
    <subfield code="r">2026-04-24 15:17:06</subfield>
    <subfield code="s">2026-02-23</subfield>
    <subfield code="t">C.1</subfield>
    <subfield code="w">2024-10-15</subfield>
    <subfield code="y">BK</subfield>
  </datafield>
  <datafield tag="952" ind1=" " ind2=" ">
    <subfield code="0">0</subfield>
    <subfield code="1">0</subfield>
    <subfield code="2">lcc</subfield>
    <subfield code="7">0</subfield>
    <subfield code="a">KABU</subfield>
    <subfield code="b">KABU</subfield>
    <subfield code="d">2024-10-15</subfield>
    <subfield code="g">1500.00</subfield>
    <subfield code="i">2024/0688</subfield>
    <subfield code="l">2</subfield>
    <subfield code="o">BT77 .K58 2004 C.2</subfield>
    <subfield code="p">33707</subfield>
    <subfield code="r">2026-02-09 10:17:38</subfield>
    <subfield code="s">2026-02-02</subfield>
    <subfield code="t">C.2</subfield>
    <subfield code="w">2024-10-15</subfield>
    <subfield code="y">BK</subfield>
  </datafield>
  <datafield tag="952" ind1=" " ind2=" ">
    <subfield code="0">0</subfield>
    <subfield code="1">0</subfield>
    <subfield code="2">lcc</subfield>
    <subfield code="7">0</subfield>
    <subfield code="a">KABU</subfield>
    <subfield code="b">KABU</subfield>
    <subfield code="d">2024-10-15</subfield>
    <subfield code="g">1500.00</subfield>
    <subfield code="i">2024/0687</subfield>
    <subfield code="l">1</subfield>
    <subfield code="o">BT77 .K58 2004 C.3</subfield>
    <subfield code="p">33731</subfield>
    <subfield code="r">2026-02-24 14:33:27</subfield>
    <subfield code="s">2026-02-23</subfield>
    <subfield code="t">C.3</subfield>
    <subfield code="w">2024-10-15</subfield>
    <subfield code="y">BK</subfield>
  </datafield>
  <datafield tag="952" ind1=" " ind2=" ">
    <subfield code="0">0</subfield>
    <subfield code="1">0</subfield>
    <subfield code="2">lcc</subfield>
    <subfield code="7">0</subfield>
    <subfield code="a">KABU</subfield>
    <subfield code="b">KABU</subfield>
    <subfield code="d">2024-10-15</subfield>
    <subfield code="g">1500.00</subfield>
    <subfield code="i">2024/0686</subfield>
    <subfield code="l">1</subfield>
    <subfield code="o">BT77 .K58 2004 C.4</subfield>
    <subfield code="p">33734</subfield>
    <subfield code="r">2026-02-06 15:22:04</subfield>
    <subfield code="s">2026-01-29</subfield>
    <subfield code="t">C.4</subfield>
    <subfield code="w">2024-10-15</subfield>
    <subfield code="y">BK</subfield>
  </datafield>
  <datafield tag="952" ind1=" " ind2=" ">
    <subfield code="0">0</subfield>
    <subfield code="1">0</subfield>
    <subfield code="2">lcc</subfield>
    <subfield code="7">0</subfield>
    <subfield code="a">KABU</subfield>
    <subfield code="b">KABU</subfield>
    <subfield code="d">2024-10-15</subfield>
    <subfield code="g">1500.00</subfield>
    <subfield code="i">2024/0685</subfield>
    <subfield code="l">1</subfield>
    <subfield code="o">BT77 .K58 2004 C.5</subfield>
    <subfield code="p">33733</subfield>
    <subfield code="r">2026-02-06 15:21:03</subfield>
    <subfield code="s">2026-02-02</subfield>
    <subfield code="t">C.5</subfield>
    <subfield code="w">2024-10-15</subfield>
    <subfield code="y">BK</subfield>
  </datafield>
  <datafield tag="952" ind1=" " ind2=" ">
    <subfield code="0">0</subfield>
    <subfield code="1">0</subfield>
    <subfield code="2">lcc</subfield>
    <subfield code="7">0</subfield>
    <subfield code="a">KABU</subfield>
    <subfield code="b">KABU</subfield>
    <subfield code="d">2024-10-15</subfield>
    <subfield code="g">1500.00</subfield>
    <subfield code="i">2024/0684</subfield>
    <subfield code="l">1</subfield>
    <subfield code="o">BT77 .K58 2004 C.6</subfield>
    <subfield code="p">33732</subfield>
    <subfield code="r">2026-02-12 10:21:31</subfield>
    <subfield code="s">2026-02-02</subfield>
    <subfield code="t">C.6</subfield>
    <subfield code="w">2024-10-15</subfield>
    <subfield code="y">BK</subfield>
  </datafield>
</record>
